| 000 | 00330nam a2200121 i 4500 | ||
|---|---|---|---|
| 001 | bg | ||
| 245 | 0 |
_aWodociągi i kanalizacja : _bmateriały pomocnicze do ćwiczeń projektowych. _nCz. 1, _pKanalizacja. |
|
| 260 |
_aBiałystok, _c1986. |
||
| 040 | _cBPK | ||
| 041 | _apol | ||
| 942 | _cKS | ||
| 008 | s pl f |000 0 pol | ||
| 999 |
_c3292 _d3292 |
||
| 856 |
_uhttp://koha.tu.koszalin.pl/cgi-bin/koha/opac-detail.pl?biblionumber=3292 _yKatalog online BPK |
||